Великая трансформация. Политические и экономические истоки нашего времени (Запись № 326081)

Подробности
000 -МАРКЕР
контрольное поле 01537nam0a2200325 4500
001 - ИДЕНТИФИКАТОР ЗАПИСИ
контрольное поле RU\NLR\bibl\364829
005 - ИДЕНТИФИКАТОР ВЕРСИИ
контрольное поле 20260405131413.0
010 ## - МЕЖДУНАРОДНЫЙ СТАНДАРТНЫЙ НОМЕР КНИГИ (ISBN)
Номер (ISBN) 5-89329-532-3
Тираж 1000
021 ## - НОМЕР ГОСУДАРСТВЕННОЙ РЕГИСТРАЦИИ
Код страны российская федерация
Номер 2002-62139
Номер Листа государственной регистраци 3019
035 ## - ДРУГИЕ СИСТЕМНЫЕ НОМЕРА
Идентификатор записи (NLR Aleph) 000359406
100 ## - ДАННЫЕ ОБЩЕЙ ОБРАБОТКИ
Данные общей обработки 20030210d2002 |||y0rusy50 ca
101 1# - ЯЗЫК РЕСУРСА
Язык текста, звукозаписи и т.д. русский
Язык оригинала английский
102 ## - СТРАНА ПУБЛИКАЦИИ ИЛИ ПРОИЗВОДСТВА
Страна публикации российская федерация
105 ## - ПОЛЕ КОДИРОВАННЫХ ДАННЫХ: ТЕКСТОВЫЕ МАТЕРИАЛЫ, МОНОГРАФИЧЕСКИЕ
Кодированные данные о монографическом текстовом документе y |||||||||
200 1# - ЗАГЛАВИЕ И СВЕДЕНИЯ ОБ ОТВЕТСТВЕННОСТИ
Основное заглавие Великая трансформация. Политические и экономические истоки нашего времени
Параллельное заглавие The great transformation. The political and economic origins of our time
Сведения, относящиеся к заглавию Полит. и эконом. истоки нашего времени
Первые сведения об ответственности Карл Поланьи
Последующие сведения об ответственности Пер. с англ. А.А. Васильева и др.
-- Под общ. ред. С.Е. Федорова
210 ## - ПУБЛИКАЦИЯ, РАСПРОСТРАНЕНИЕ И ДР.
Место издания, распространения и т.д. СПб.
Имя издателя, распространителя и т. д. Алетейя
Дата издания, распространения и т.д. 2002
215 ## - ФИЗИЧЕСКАЯ ХАРАКТЕРИСТИКА
Специфическое обозначение материала и объем 311, [2] с.
Размеры 22
225 1# - СЕРИЯ
Основное заглавие серии Pax Britannica
Сведения об ответственности Редкол.: Дмитриева О.В. и др.
300 ## - ОБЩИЕ ПРИМЕЧАНИЯ
Текст примечания Авт. также на англ. яз.: Karl Polanyi
320 ## - ПРИМЕЧАНИЯ О НАЛИЧИИ В ДОКУМЕНТЕ БИБЛИОГРАФИИ / УКАЗАТЕЛЯ
Текст примечания Библиогр. в подстроч. примеч.
510 0# - ПАРАЛЛЕЛЬНОЕ ЗАГЛАВИЕ
Параллельное заглавие The great transformation. The political and economic origins of our time
Язык заглавия английский
606 0# - НАИМЕНОВАНИЕ ТЕМЫ КАК ПРЕДМЕТ
Наименование темы Новая история
Хронологический подзаголовок 19 - 20 вв.
Системный номер авторитетной/нормативной записи 2157204
Идентификатор авторитетной/нормативной записи RU\NLR\auth\661298559
686 ## - ИНДЕКСЫ ДРУГИХ КЛАССИФИКАЦИЙ
Индекс Т3(0)5,02
700 #1 - ИМЯ ЛИЦА - ПЕРВИЧНАЯ ОТВЕТСТВЕННОСТЬ
Код отношения Автор
Материалы, к которым относится поле rus
Графика поля Кириллица
Начальный элемент ввода Поланьи
Часть имени, кроме начального элемента ввода К.
Расширение инициалов личного имени Карл
Даты 1886-1964
Идентификатор авторитетной/нормативной записи RU\NLR\auth\7752409
Системный номер авторитетной/нормативной записи 35342
801 #0 - ИСТОЧНИК ЗАПИСИ
Страна российская федерация
Организация NLR
Дата составления 20030210
Правила каталогизации PSBO
801 #1 - ИСТОЧНИК ЗАПИСИ
Страна российская федерация
Организация NLR
Дата составления 20030210
942 ## - ДОПОЛНИТЕЛЬНЫЕ ЭЛЕМЕНТЫ ЗАПИСИ (АБИС)
Тип экземпляра АБИС Книга
980 ## - КОЛЛЕКЦИЯ
Название коллекции Национальная библиография
Экземпляры
Тип экземпляра Дата поступления Источник поступления Стоимость Библиотека постоянного хранения Библиотека текущего хранения Место хранения Шифр хранения Штрих-код Статус не для выдачи
Книга 10.02.2003 Покупка 132.00 РНБ (Московский) РНБ (Московский) Русский книжный фонд: издания с 1957 года, 3этаж 2003-5/899 1-1038510  
Книга 10.02.2003 Обязательный экземпляр 0.00 РНБ (Московский) РНБ (Московский) Фонд общего зала социально-экономической литературы С1 Т3(0)5/П-490 1-386283  
Книга 31.03.2003 Обязательный экземпляр   РНБ (Московский) РНБ (Московский) Русский книжный фонд: издания с 1957 года, 3этаж 2003-5/899 1-575472  
Книга 10.02.2003 Покупка 132.00 РНБ (Садовая) РНБ (Садовая) Фонд научного зала социально-экономической литературы С2 Т3(0)5/П-490 1-99448